000 00582nam a22001817a 4500
999 _c183735
_d183735
005 20220103162003.0
010 _aENG-130875
020 _a978-81-949640-4-9
_c595.00
035 _aEN-114407
037 _bDBAD
082 _a230
100 _aKapur, Subhash
245 _aGods Must Have Cursed Hindus:
_cSubhash Kapur, Bhawna Gola
_bOne Thousand Years Of Darkness/
260 _aDelhi
_bRenu Kaul Verma
_c2022
270 _bNew Delhi
_e110002
_a2/15, Ansari Road, Daryaganj
_minfo@vistapublishing.com
300 _a279p
_c22cm(hbk)
942 _2ddc
_cEN
_h230
_mKAP